| 000 | 03131cam a22004694a 4500 | ||
|---|---|---|---|
| 001 | 15705407 | ||
| 003 | OSt | ||
| 005 | 20240716123344.0 | ||
| 008 | 090420s2008 enk b 001 0 eng c | ||
| 010 | _a 2009417508 | ||
| 016 | 7 |
_a101481345 _2DNLM |
|
| 020 | _a9780855986032 | ||
| 020 | _a0855986034 | ||
| 035 | _a(OCoLC)ocn227700443 | ||
| 040 |
_aMUST LIB _cMUST _dMUST |
||
| 042 | _apcc | ||
| 050 | 0 | 0 |
_aRC606.6 _b.H568 2008 |
| 060 | 0 | 0 | _a2008 J-068 |
| 060 | 1 | 0 |
_aWC 503 _bH6732 2008 |
| 082 |
_2362.196 _a22 _bHIV |
||
| 245 | 0 | 0 |
_aHIV and AIDS / _cedited by Alice Welbourn ; with Joanna Hoare. |
| 260 |
_aOxford : _bOxfam ; _aHerndon, VA : _bAvailable from Stylus Pub., _c2008. |
||
| 300 |
_axxvi, 208 p. ; _c25 cm. |
||
| 490 | 1 | _aWorking in gender & development | |
| 504 | _aIncludes bibliographical references and index. | ||
| 505 | 0 | 0 |
_tHIV/AIDS, globalisation, and the international women's movement / _rSisonke Msimang -- _tChallenges and opportunities for promoting the girl child's rights int he face of HIV/AIDS / _rMildred Tambudzai Mushunje -- _t'I'm too young to die' : HIV, masculinity, danger, and desire in urban South Africa / _rShannon Walsh and Claudia Mitchell -- _tA gendered response to HIV/AIDS in South Asia and the Pacific : insights from the pandemic in Africa / _rMadhu Bala Nath -- _tSafe motherhood in the time of AIDS : the illusion of reproductive 'choice' / _rCarolyn Baylies -- _tDiversifying gender : male to female transgender identities and HIV/AIDS programming in Phnom Penh, Cambodia / _rBarbara Earth -- _tYoung men and HIV / _rDoortje Braeken, Raoul Fransen, and Tim Shand -- _tHIV-positive African women surviving in London : report of a qualitative study / _rLesley Doyal and Jane Anderson -- _tMitigating impacts of HIV/AIDS on rural livelihoods : NGO experiences in sub-Saharan Africa / _rJoanna White and John Morton -- _tDanger and the opportunity : responding to HIV with vision / _rKate Butcher and Alice Welbourn -- _t'Mainstreaming' HIV in Papua New Guinea : putting gender equity first / _rJanet Seeley and Kate Butcher -- _tAdvocacy training by the International Community of Women Living with HIV/AIDS / _rThe International Community of Women Living with HIV/AIDS. |
| 650 | 0 |
_aAIDS (Disease) _xSocial aspects. _96869 |
|
| 650 | 1 | 2 |
_aAcquired Immunodeficiency Syndrome. _92597 |
| 650 | 1 | 2 |
_aHIV Infections. _92596 |
| 650 | 2 | 2 |
_aGender Identity. _96968 |
| 650 | 2 | 2 |
_aHealth Policy. _94725 |
| 650 | 2 | 2 |
_aSocioeconomic Factors. _96874 |
| 700 | 1 |
_aWelbourn, Alice. _99545 |
|
| 710 | 2 |
_aOxfam GB. _97309 |
|
| 830 | 0 |
_aWorking in gender & development. _99546 |
|
| 856 | 4 | 2 |
_3Contributor biographical information _uhttp://www.loc.gov/catdir/enhancements/fy1116/2009417508-b.html |
| 856 | 4 | 2 |
_3Publisher description _uhttp://www.loc.gov/catdir/enhancements/fy1116/2009417508-d.html |
| 856 | 4 | 1 |
_3Table of contents only _uhttp://www.loc.gov/catdir/enhancements/fy1116/2009417508-t.html |
| 906 |
_a7 _bcbc _cpccadap _d2 _encip _f20 _gy-gencatlg |
||
| 942 |
_2ddc _cO_SHELF |
||
| 999 |
_c9197 _d9197 |
||